00691 2200229 4500001002100000005001700021008004100038020002200079035002400101040001200125082000800137090001700145110003000162245009600192260003600288300002500324650004600349850001200395990001800407990001800425990001800443YOGYA-0311000000028220110318092246.0 ind  a978-979-3837-33-8 0010-031100000000282 aYOPDYOG a388 aR 388bInd U aINDONESIA.[undang-undang] aUndang-undang Republik Indonesia nomor 14 tahun 1992 tentang lalu lintas dan angkutan jalan aYogyakartabPustaka Timurc2009 a139 hlmbilusc19 cm aLalu lintas - Undang-undang dan peraturan aYOPDYOG a49793-PD/B.10 a49792-PD/B.10 a49791-PD/B.10